| 000 | 00634 a2200181 4500 | ||
|---|---|---|---|
| 020 | _a0849384958 | ||
| 020 | _a9780849384950 | ||
| 082 | 0 | 4 | _a515.352 |
| 090 |
_c256 _d256 |
||
| 100 | 1 | _aRobinson, Clark. | |
| 245 | 1 | 0 |
_aDynamical systems : _bstability, symbolic dynamics, and chaos / _cClark Robinson. |
| 260 |
_a[S.l.] : _bCRC Press, _c1995. |
||
| 300 |
_a520 p. ; _c27 cm. |
||
| 490 | 1 | _aStudies in advanced mathematics. | |
| 830 | 0 | _aStudies in advanced mathematics. | |
| 942 |
_aSNS _cBK _k514.74 ROB |
||
| 999 |
_c28891 _d28891 |
||